00469nam a2200169 a 4500001001300000003000900013005001700022008004100039020002300080082001800103100002100121245006800142260003400210300001000244500003500254505001000289nice12345678IN_TiNIC20260116014403.0130927s1988 lona grp 000 0 eng  a9780099533115c49900a320.0954bHER aHerman, S Edward aManufacturing Consentb The Political Economy of the Mass Media aLondon bVintage Books c1988 a412p  aincludes index and biblioraphy2 aIndex